Podchytenie záujmu i talentov Záujmová umelecká činnosť a Socialistický zväz mládeže

Bibliographic Details
Main Author: Vácha, Helmut (Author)
Format: Article
Language:Slovak
Subjects:

MARC

LEADER 00000nab a2200000 a 4500
001 vtls000026594
003 SK-MaSNL
005 20260305005736.0
008 111103c1979 xo 0 slo
015 |a SNBRB19rr/mm-uuuuu 
035 |a CL0036688 
040 |a SNKBUCL  |b slo  |c SNKBUCL  |e AACR2 
041 0 |a slo 
044 |a xo  |c SK 
080 |a 379.8  |2 1981 
080 |a 329.78(437)  |2 1981 
080 |a 374  |2 1981 
100 1 |a Vácha, Helmut  |4 aut  |9 552478 
245 1 0 |a Podchytenie záujmu i talentov  |b Záujmová umelecká činnosť a Socialistický zväz mládeže  |c Helmut Vácha 
610 2 7 |a Socialistický zväz mládeže  |2 snkbucl  |9 51618 
650 0 7 |a záujmová umelecká činnosť  |2 snkbucl  |9 450833 
655 7 |a články z novín a časopisov  |2 snkbucl  |9 267496 
773 0 |t Rytmus  |g Roč. 30, č. 2 (1979), s. 1 
850 |a Slovenská národná knižnica v Martine  |a MTA001 
852 |a SNK  |b KIS3GCP 
958 |a RK 
992 |a RBX 
999 |c 3242313  |d 3244243